000 00429nam a2200181Ia 4500
001 16189
005 20260306170251.0
008 260306t2004||||xx |||||||||||||| ||und||
041 _aESP
082 _a347
_bH82
100 _aHuarag Guerrero, Enrico
_eAUT
245 0 _aDerecho comercial informático
260 _c2004
300 _a178 páginas :
_c24 cm.
650 _aGEN
654 _aCDE
942 _cLIB
_dJUS
_fJUS
_2ddc
_n
999 _c16189
_d16189